[Analýza finančných trhov]

Recenzia na publikáciu: Analýza finančných trhov od Hrvoľovej, B. a kol. Učebnica poskytuje informácie predovšetkým pre finančných manažérov o problematike finančných trhov, ich segmentov, o nástrojoch, cenách a inštitúciách, ktoré sú sprostredkovateľmi pri plnení úloh finančného manažéra.

Guardado en:
Detalles Bibliográficos
Autor principal: Ninčáková, Lucia
Formato: Capítulo de libro
Lenguaje:eslovaco
Materias:
Etiquetas: Agregar Etiqueta
Sin Etiquetas, Sea el primero en etiquetar este registro!

MARC

LEADER 00000naa a2200000 4500
001 r045394
005 20230918081740.8
041 0 |a slo 
044 |a SK 
245 1 0 |a [Analýza finančných trhov]  |c Lucia Ninčáková 
520 |a Recenzia na publikáciu: Analýza finančných trhov od Hrvoľovej, B. a kol. Učebnica poskytuje informácie predovšetkým pre finančných manažérov o problematike finančných trhov, ich segmentov, o nástrojoch, cenách a inštitúciách, ktoré sú sprostredkovateľmi pri plnení úloh finančného manažéra. 
610 2 0 |a trh finančný 
610 2 0 |a manažéri 
610 2 0 |a analýzy 
610 2 0 |a recenzie 
610 2 0 |a ceny 
610 2 0 |a nástroje finančné 
610 2 0 |a prostriedky peňažné 
100 1 |a Ninčáková, Lucia